000 01221pam a2200349 a 4500
001 015841194
003 EG-ScBUE
005 20241112093240.0
008 110701t2012 enka f 001 0 eng d
020 _a9780273752134 (pbk.)
020 _a0273752138 (pbk.)
040 _aStDuBDS
_beng
_erda
_cStDuBDS
_dUkOxU
_dUk
_dEG-ScBUE
082 0 4 _a519.4028553042
_222
_bHAN
100 1 _aHanselman, Duane C.,
_eauthor.
245 1 0 _aMastering MATLAB /
_cDuane Hanselman, Bruce Littlefield, Department of Electrical and Computer Engineering, University of Maine.
250 _aInternational edition.
264 1 _aHarlow, United Kingdom :
_bPearson Education Limited,
_c[2012]
264 4 _cc2012
300 _a859 pages :
_billustrations ;
_c24 cm
336 _2rdacontent
_atext
_btxt
337 _aunmediated
_2rdamedia
_bn
338 _avolume
_bnc
_2rdacarrier
500 _aIncludes index.
500 _aIncludes appendixes.
630 0 7 _aMATLAB.
_2BUEsh
650 7 _aNumerical analysis
_xComputer programs.
_2BUEsh
_917882
650 7 _aNumerical analysis
_xData processing.
_2BUEsh
653 _bENGELC
_cMarch2015
655 _vReading book
_934232
700 1 _aLittlefield, Bruce,
_eauthor.
942 _2ddc
_cBB
999 _c19098
_d19070